Handbook of highway engineering / (Record no. 528051)

000 -LEADER
fixed length control field 00911pam a2200277 i 4500
001 - CONTROL NUMBER
control field 3151624
003 - CONTROL NUMBER IDENTIFIER
control field NUST
005 - DATE AND TIME OF LATEST TRANSACTION
control field 20190827053739.0
008 - FIXED-LENGTH DATA ELEMENTS--GENERAL INFORMATION
fixed length control field 741022s1975 nyua b 001 0 eng
010 ## - LIBRARY OF CONGRESS CONTROL NUMBER
LC control number 74023226
020 ## - INTERNATIONAL STANDARD BOOK NUMBER
International Standard Book Number 0442205201
038 ## - RECORD CONTENT LICENSOR
Staff Name M.Ramzan
040 ## - CATALOGING SOURCE
Original cataloging agency DLC
Transcribing agency DLC
Modifying agency DLC
050 00 - LIBRARY OF CONGRESS CALL NUMBER
Classification number TE151
Item number .B24
082 00 - DEWEY DECIMAL CLASSIFICATION NUMBER
Classification number 625.7
Edition number BAK
100 1# - MAIN ENTRY--PERSONAL NAME
Personal name Baker, Robert F.
Fuller form of name (Robert Fulton),
Dates associated with a name 1917-
9 (RLIN) 19579
245 10 - TITLE STATEMENT
Title Handbook of highway engineering /
Statement of responsibility, etc. Robert F. Baker, editor, L. G. Byrd, D. Grant Mickle, associate editors.
260 ## - PUBLICATION, DISTRIBUTION, ETC.
Place of publication, distribution, etc. New York :
Name of publisher, distributor, etc. Van Nostrand Reinhold,
Date of publication, distribution, etc. [1975]
300 ## - PHYSICAL DESCRIPTION
Extent x, 894 p. :
Other physical details ill. ;
Dimensions 28 cm.
504 ## - BIBLIOGRAPHY, ETC. NOTE
Bibliography, etc. note Includes bibliographies and index.
650 #0 - SUBJECT ADDED ENTRY--TOPICAL TERM
Topical term or geographic name entry element Highway engineering
General subdivision Handbooks, manuals, etc.
9 (RLIN) 19580
700 1# - ADDED ENTRY--PERSONAL NAME
Personal name Byrd, L. G.
9 (RLIN) 19581
700 1# - ADDED ENTRY--PERSONAL NAME
Personal name Mickle, D. Grant.
9 (RLIN) 19582
906 ## - LOCAL DATA ELEMENT F, LDF (RLIN)
a 7
b cbc
c orignew
d 1
e ocip
f 19
g y-gencatlg
942 ## - ADDED ENTRY ELEMENTS (KOHA)
Source of classification or shelving scheme
Koha item type Book
Holdings
Withdrawn status Lost status Source of classification or shelving scheme Damaged status Not for loan Permanent Location Current Location Date acquired Total Checkouts Full call number Barcode Date last seen Price effective from Koha item type
          School of Civil and Environmental Engineering (SCEE) School of Civil and Environmental Engineering (SCEE) 08/27/2019   625.7 NIT-10193 08/27/2019 08/27/2019 Book
© 2023 Central Library, National University of Sciences and Technology. All Rights Reserved.